000 00536nam a2200169 i 4500
001 120017
003 ES-MaACL
005 20230906191441.0
007 t|
008 070214s1973 sp r ||||1| spa d
100 1 _aPiña Homs, Román.
_992250
245 1 3 _aLa Universidad balear
_b: entre la realidad y el mito /
_cRomán Piña Homs.
260 _aPalma de Mallorca :
_bCort,
_c1973.
300 _a91 p. ;
_c17 cm.
650 4 _aEnseñanza superior-
_zBaleares (Comunidad Autónoma)
_9165593
852 _aES-MaACL
_jC-52616
_bR.85941
999 _c120017
_d120017